Переходные процессы в электроэнергетических системах: пер. с первого американского издания

Bibliographische Detailangaben
1. Verfasser: Рюденберг Р. Рейнхольд
Weitere Verfasser: Ломоносов В. Ю. (редактор)
Zusammenfassung:Книга Р. Рюденберга посвящена теории переходных процессов, которые за последнее время приобретают все большое значение как при рассмотрении вопросов, связанных с техникой излучения и распределения электрической энергии, так и при проектирования и эксплуатации электрических систем. Теория переходных процессов за последние два столетия получила в связи с запросами практики значительное развитие. Были усовершенствовать методы исследования переходных процессов, описываемые линейными дифференциальными уравнениями, а также разработаны специальные приемы исследования нелинейных дифференциальных уравнений, дающие возможность решать многие важные технические задачи, в частности, методами последовательного приближения и численного интегрирования.
Sprache:Russisch
Veröffentlicht: Москва, Изд-во иностранной литературы, 1955
Schlagworte:
Format: MixedMaterials Buch
KOHA link:https://koha.lib.tpu.ru/cgi-bin/koha/opac-detail.pl?biblionumber=56100

MARC

LEADER 00000nam0a2200000 4500
001 56100
005 20231101211601.0
035 |a (RuTPU)RU\TPU\book\58891 
090 |a 56100 
100 |a 20030924d1955 k y0rusy50 ca 
101 1 |a rus  |c eng 
102 |a RU 
105 |a a z 001zy 
200 1 |a Переходные процессы в электроэнергетических системах  |e пер. с первого американского издания  |f Р. Рюденберг  |g Под ред. В. Ю. Ломоносова 
210 |a Москва  |c Изд-во иностранной литературы  |d 1955 
215 |a 706 с.  |c ил.  |e 2 диаграммы 
320 |a Библиогр.: с. 706. 
330 |a Книга Р. Рюденберга посвящена теории переходных процессов, которые за последнее время приобретают все большое значение как при рассмотрении вопросов, связанных с техникой излучения и распределения электрической энергии, так и при проектирования и эксплуатации электрических систем. Теория переходных процессов за последние два столетия получила в связи с запросами практики значительное развитие. Были усовершенствовать методы исследования переходных процессов, описываемые линейными дифференциальными уравнениями, а также разработаны специальные приемы исследования нелинейных дифференциальных уравнений, дающие возможность решать многие важные технические задачи, в частности, методами последовательного приближения и численного интегрирования. 
606 1 |a Электроэнергетические системы  |x Переходные процессы  |2 stltpush  |3 (RuTPU)RU\TPU\subj\21052  |9 46100 
610 1 |a линейные электрические цепи 
610 1 |a сопротивление 
610 1 |a электрическая дуга 
610 1 |a магнитные цепи 
610 1 |a замыкания на землю 
610 1 |a электроэнергетические системы 
610 1 |a переходные процессы 
675 |a 621.311.018  |v 3 
700 1 |a Рюденберг  |b Р.  |g Рейнхольд 
702 1 |a Ломоносов  |b В. Ю.  |4 340 
801 1 |a RU  |b 63413507  |c 20030924  |g PSBO 
801 2 |a RU  |b 63413507  |c 20210924  |g PSBO 
942 |c BK